000 00587nam a22002297a 4500
003 UA-OsUOA
001 97037
007 ta
008 20130325b un ||||| |||| 00| 0 ukr d
100 _aМарков А.
090 _a821.161.1
_bМ26
942 _cBK
040 _aUA-OsUOA
_brus
_cUA-OsUOA
_dUA-OsUOA
245 _aЧертово колесо
_bстихи
300 _a46 с.
955 _a3
041 _arus
080 _a821.161.1
260 _aМ.
_bПравда
_c1991
650 7 _a82 Література. Літературознавство
_2UDC
999 _c383285
_d383285